000 00674nam a22001937a 4500
003 0
005 20240814122427.0
008 240814b xxu||||| |||| 00| 0 eng d
020 _a978-1-350-93363-7
050 _aPE 1112
_b.J35 2022
100 _aJakeman, Vanessa
245 _aImprove your grammar:
_bthe essential guide to accurate writing
_cVanessa Jakeman
250 _athird edition
260 _aNew York
_bBloomsburry Publishing
_c2022
300 _axiii, 151 pages :
_bcolored illustrations ;
_c25cm.
504 _aIncludes bibliographical references, index, and glossary.
650 _aEnglish language--Grammar--Handbooks, manulas, etc.
942 _2lcc
_cBK
999 _c366094
_d366094